| 000 | 02489cam a2200289 4500 | ||
|---|---|---|---|
| 001 | 4548 | ||
| 003 | BD-RjUL | ||
| 005 | 20211208233918.0 | ||
| 008 | 131223t1961 nyua b 000 0 eng d | ||
| 035 | _a(BD-RjUL)4583 | ||
| 035 | _a(CStRLIN)PAUGV3771108-B | ||
| 040 |
_aLYU _cLYU _dUKM _dLAS _dBD-RjUL _beng |
||
| 041 | _aeng | ||
| 082 | 0 | 4 |
_216 _a341.67 _bARM 1961 |
| 245 | 1 | 0 |
_aArms control and disarmament : _band national security / _cDonald G.Brennan. |
| 260 |
_aNew york : _bGeorge Braziller, _c1961. |
||
| 300 |
_a475 p. : _bill. ; _c24 cm. |
||
| 500 | _aPubl. in the USA under title: Arms control, disarmament, and national security. | ||
| 504 | _aIncludes bibliographical references (p. 457-470). | ||
| 505 | 0 |
_aSetting and goals of arms control / Donald G. Brennan -- Basic requirements of arms control / Robert R. Bowie -- Constructing rules that affect government / Roger Fisher -- Characteristics of recent arms-control proposals and agreements / _tArms race and some of its hazards / _tFeasibility of arms control and the principle of openness / Edward Teller -- Limited war : conventional or nuclear? A reappraisal / Henry A. Kissinger -- Economic implications of arms control / Kenneth E. Boulding -- Reciprocal measures for arms stabilization / Thomas C. Schelling -- Case for unilateral disarmament / Erich Fromm -- Comprehensive arms-limitation systems / Jerome B. Wiesner -- Policy considerations of a nuclear-test ban / Donald G. Brennan & Morton H. Halperin -- Negotiating with the Soviet Union / Bernhard G. Bechhoefer -- Inclusion of Communist China in an arms-control program / A. Doak Barnett -- Role of the smaller powers / Paul M. Doty -- Inspection techniques of arms control Bernard T. Feld -- Public opinion and the control of armaments / Ithiel De Sola Pool -- Non-physical inspection techniques / Lewis C. Bohn -- Adjudication and enforcement in arms control / Louis B. Sohn -- Recent policy making in the United States government / Saville R. Davis -- Government organization for arms control / Hubert H. Humphrey -- Pursuit of rational world-security arrangements / Richard S. Leghorn -- Arms control through world law / Arthur Larson -- Foreign comment / Raymond Aron, Alastair Buchan, Jules Moch, Philip Noel-Baker. |
|
| 650 | 0 |
_aDisarmament. _914371 |
|
| 650 | 0 |
_aNuclear disarmament. _914076 |
|
| 700 | 1 |
_aBrennan, Donald G., _914372 |
|
| 740 | 0 | _aArms control, disarmament, and national security. | |
| 942 |
_2ddc _cBK |
||
| 999 |
_c4548 _d4548 |
||